000 00342 a2200169 4500
001 187056
020 _a85-08-01897-5
040 _cMagnum
100 _aLeão, Jayme
240 1 0 _aMenino de asas
_lpor
245 1 0 _aMenino de asas
300 _a79
362 0 _a2006
440 1 _aÁtica
697 _aLITERATURA JUVENIL
942 _cBK
999 _c187056
_d187056